Statistics for random questions #1

Click here to take the quiz!

General Stats

  • This quiz has been taken 12 times
  • The average score is 10 of 15

Answer Stats

QuestionAnswer% Correct
who says "how you doing'"joey
92%
what artist cut of his earvincent van gogh
92%
is paul walker and vin diesel in the fast and the furiousyes
92%
is hacksaw ridge based on a true storyyes
92%
how many stranger things seasons are there in 20224
83%
which is a vegetablecarrot
83%
is sheldon ascientist
83%
how many seasons of squid games are there in 20221
67%
in the movies ambulance was the paramedic a male or femalefemale
67%
who are siblingsnancy + mike
58%
how many fast and furious movies are there in 202210
50%
how many cobra kai seasons are there in 20225
50%
how many spidermen are there3
42%
if daniel larusso never interfered with johnny and ali would the movies even have a storylineno
42%
who was the first student in cobra kai in the cobra kai seriesmiguel
33%

Score Distribution

Percentile by Number Answered

Percent of People with Each Score

Your Score History

You have not taken this quiz